Del 98 al Barroco

Gardado en:
Detalles Bibliográficos
Autor Principal: Torre, Guillermo de
Formato: Libro
Idioma:Undetermined
Publicado: Madrid, España Gredos 1969
Materias:
Etiquetas: Engadir etiqueta
Sen Etiquetas, Sexa o primeiro en etiquetar este rexistro!

MARC

LEADER 00000nam a2200000Ia 4500
008 170316s9999 xx 000 0 und d
040 |a cru BVZT 
090 |a 862 T-13d 
100 |a Torre, Guillermo de 
245 |a Del 98 al Barroco 
260 |a Madrid, España 
260 |b Gredos 
260 |c 1969 
300 |a 451 páginas 
650 |a LITERATURA ESPAÑOLA 
999 |c 10445  |d 10445 
942 |c 15 D  |h 862 T-13d  |2 z